000 02825nam a22003377a 4500
001 PPSZ 0164
003 gtcocun
005 20251022163439.0
006 a||||gr|||| 00| 0
007 ta
008 251022b2021 gt ||||| m||| 00| 0 eng d
040 _agtcocun
_bSPA
_cgtcocun
_eRDA
041 _aSPA PPSZ 0164
084 _0PPSZ 0164
100 _aCatún Ac, Kevin Andy René
_eAutor
245 _aINFORME FINAL DE LA PRÁCTICA PROFESIONAL SUPERVISADA EN LA GRANJA CHITUL, UBICADA EN LA ALDEA CHITUL, DEL MUNICIPIO DE SANTA CRUZ VERAPAZ, ALTA VERAPAZ/
_cKevin Andy René Catún Ac.
_hImpreso
264 _aCobán, Alta Verapaz:
_bUniversidad de San Carlos de Guatemala, Centro Universitario del Norte, Carrera de Técnico en Producción Pecuaria
_c2021
300 _a50 p.:
_bIlustraciones, gráficas.
_c28 cm;
300 _cPDF
336 _2rdacontenido
_aTexto
_btxt
337 _2rdamedio
_aComputadora
_bn
338 _2rdasoporte
_aCódigo en línea
_bcr
502 _ePPSZ 0164
502 _aPráctica Profesional Supervisada
_bCarrera de Técnico en Producción Pecuaria,
_cUniversidad de San Carlos de Guatemala, Centro Universitario del Norte, Carrera de Técnico en Producción Pecuaria
_d2021
_oPPSZ 0164
520 1 4 _aLa ejecución de la Práctica Profesional Supervisada, tiene como objetivo poder emplear los conocimientos adquiridos durante los años de estudio en la carrera de Técnico en Producción Pecuaria, el cual se llevó a cabo en la unidad productiva Granja Chitul, ubicada en la aldea Chitul, del municipio de Santa Cruz Verapaz, departamento de Alta Verapaz, con una duración de tres meses. La aplicación de los conocimientos en el manejo de las especies animales, permite dar asistencia técnica y profesional en las unidades productivas tanto en el área urbana como rural. Entre las actividades que se realizaron, se tuvo: la elaboración de planes profilácticos, implementación de registros productivos, elaboración de pediluvios y establecimiento de una granja avícola en la aldea Tzacaniha de Cobán, Alta Verapaz. Como actividad de extensión y servicio, se realizó una jornada de vacunación en aves de traspatio y capacitación a las personas de la aldea sobre medidas que se deben de tomar para la prevención de enfermedades avícolas que afectan a las aves en la aldea de Chitul, Santa Cruz Verapaz, Alta Verapaz.
650 1 4 _2LEMB
_aSanta Cruz Verapaz, Alta Verapaz
_xZootecnia
_xProducción pecuaria
_xPlanes profilácticos
_xRegistros productivos
_xGranja avícola
_xVacunación aviar
700 _aLic. Juan Ruano Granados
_eAsesor
856 _uhttps://drive.google.com/file/d/1ySQvbR35PeyJGr-Tfaf73z8vw5K2PHu6/view
_yPDF
_zUn ejemplar en línea.
942 _2ddc
_cTES
_iPPSZ 0164
_kClasificación
_n0
_6PPSZ_0164_000000000000000
999 _c2387
_d2387